[Event "Summer Cup 2025"]
[Site "Wellington NZL"]
[Date "2025.03.06"]
[Round "5.5"]
[White "Timergazi, Layla"]
[Black "Malcolm, Aidan"]
[Result "0-1"]
[WhiteElo "2116"]
[BlackElo "1828"]

1. d4 f5 2. c4 Nf6 3. Nc3 e6 4. a3 Be7 5. Bg5 O-O 6. e3 d6 7. Nf3 Ne4 8. Bxe7
Qxe7 9. Bd3 Nxc3 10. bxc3 e5 11. c5 Kh8 12. cxd6 cxd6 13. dxe5 dxe5 14. Bc4 e4
15. Nd4 Qg5 16. g3 Qh6 17. Bd5 Na6 18. h4 Nc5 19. h5 Nd3+ 20. Kf1 Bd7 21. Kg2
f4 22. exf4 Nxf4+ 23. gxf4 Qxf4 24. Qe2 Qg5+ 25. Kf1 Qxd5 26. h6 g6 27. Rd1 Rf7
28. c4 Qc5 29. Rh4 Raf8 30. Qxe4 Rxf2+ 31. Kg1 Qg5+ 0-1

[Event "Summer Cup 2025"]
[Site "Wellington NZL"]
[Date "2025.03.06"]
[Round "5.6"]
[White "Tanoi, T Edward"]
[Black "Sun, William"]
[Result "1-0"]
[WhiteElo "1966"]
[BlackElo "1333"]

1. d4 Nf6 2. Nc3 b6 3. e4 Bb7 4. Bd3 e6 5. Nge2 Bb4 6. O-O O-O 7. e5 Nd5 8. Ne4
f6 9. a3 Be7 10. c4 fxe5 11. dxe5 d6 12. exd6 Bxd6 13. cxd5 Bxd5 14. Nxd6 Qxd6
15. Qc2 g6 16. Bh6 Rf6 17. Bg5 Rf8 18. Ng3 Bxg2 19. Kxg2 Qd5+ 20. Ne4 1-0

[Event "Summer Cup 2025"]
[Site "Wellington NZL"]
[Date "2025.03.06"]
[Round "5.8"]
[White "Keith, Matthew"]
[Black "Nicholls, Leighton"]
[Result "1-0"]
[WhiteElo "1880"]
[BlackElo "1957"]

1. e4 e6 2. d4 d5 3. Nc3 Bb4 4. e5 c5 5. a3 Bxc3+ 6. bxc3 Nc6 7. Nf3 Nge7 8. a4
O-O 9. Bd3 Ng6 10. h4 cxd4 11. cxd4 f6 12. h5 Nge7 13. h6 g6 14. exf6 Rxf6 15.
Bg5 Qa5+ 16. Qd2 Qxd2+ 17. Kxd2 Rf7 18. Rhe1 Nf5 19. Ne5 Nxe5 20. dxe5 Bd7 21.
Bxf5 Rxf5 22. f4 Rc8 23. g4 Rf7 24. Bf6 Rc4 25. Rf1 Bxa4 26. f5 gxf5 27. gxf5
exf5 28. Rxf5 Rfc7 29. Rg1+ Kf8 30. e6 Rxc2+ 31. Ke3 R7c4 32. Bd8+ Ke8 33. Rg8#
1-0

[Event "Summer Cup 2025"]
[Site "Wellington NZL"]
[Date "2025.03.06"]
[Round "5.9"]
[White "Brockway, Andrew"]
[Black "Chang, Luke"]
[Result "0-1"]
[WhiteElo "1639"]
[BlackElo "2038"]

1. e4 c6 2. d4 d5 3. exd5 cxd5 4. Bd3 Nc6 5. c3 Qc7 6. Ne2 Bg4 7. O-O e6 8. Bf4
Qxf4 9. Nxf4 Bxd1 10. Rxd1 Bd6 11. Ne2 Nf6 12. Ng3 h5 13. Re1 Kd7 14. h3 h4 15.
Nf1 Nh5 16. Nbd2 Nf4 17. Bb5 a6 18. Bxc6+ bxc6 19. Nf3 f6 20. N1h2 Rae8 21. Ng4
Rh5 22. Re3 e5 23. dxe5 fxe5 24. Ne1 e4 25. Nc2 Nd3 26. b3 Ne5 27. Nxe5+ Rhxe5
28. Rd1 c5 29. Re2 Kc6 30. Ne3 Rg5 31. Ng4 Bf4 32. Ne3 Rge5 33. Ng4 R5e7 34.
Ne3 Rd7 35. Nc2 Be5 36. c4 d4 37. Ree1 a5 38. Kf1 Bf4 39. Na3 e3 40. fxe3 Bxe3
41. Rd3 Rf7+ 0-1

[Event "Summer Cup 2025"]
[Site "Wellington NZL"]
[Date "2025.03.06"]
[Round "5.10"]
[White "Lavender, Ariel J"]
[Black "Wilkins, Mark"]
[Result "1/2-1/2"]
[WhiteElo "1752"]
[BlackElo "1842"]

1. b3 e5 2. Bb2 Nc6 3. e3 d5 4. Bb5 Bd6 5. Nf3 Qe7 6. c4 Nf6 7. c5 Bxc5 8. Nxe5
Bd7 9. Nxd7 Qxd7 10. Bxf6 gxf6 11. Qc2 Be7 12. d4 a6 13. Bxc6 bxc6 14. Nd2 c5
15. dxc5 c6 16. e4 Rg8 17. O-O Qg4 18. g3 h5 19. exd5 cxd5 20. Rfe1 h4 21. Qc3
hxg3 22. Qxg3 Kf8 23. Qxg4 Rxg4+ 24. Kf1 Bxc5 25. Rac1 Bb4 26. Re2 Kg7 27. Nf3
Rf4 28. Re3 Rh8 29. Rd1 Rh3 30. Kg2 Rh5 31. Rd4 Rxd4 32. Nxd4 Re5 33. Nc6 Rg5+
34. Rg3 Bd6 35. h4 Rg6 $10 { Draw Agreed } 1/2-1/2

[Event "Summer Cup 2025"]
[Site "Wellington NZL"]
[Date "2025.03.06"]
[Round "5.11"]
[White "Qu, Lucas"]
[Black "Farrokh, Hoorad"]
[Result "1-0"]
[WhiteElo "1686"]
[BlackElo "1406"]

1. e4 c5 2. d4 cxd4 3. c3 d5 4. exd5 Nf6 5. cxd4 Nxd5 6. Bc4 e6 7. Nf3 Nc6 8.
O-O Be7 9. a3 O-O 10. Re1 Qb6 {White won on move 43} 1-0

[Event "Summer Cup 2025"]
[Site "Wellington NZL"]
[Date "2025.03.06"]
[Round "5.12"]
[White "Aldridge, Alan L"]
[Black "Bohme, Alex"]
[Result "1-0"]
[WhiteElo "1855"]
[BlackElo "1578"]

1. d4 d5 2. c4 c6 3. Nc3 Nf6 4. Nf3 Bg4 5. e3 e6 6. cxd5 exd5 7. Be2 Bd6 8. O-O
O-O 9. a3 Nbd7 10. b4 a6 11. Rb1 Qc7 12. h3 Bh5 13. Qc2 Rfe8 {White won on move
56} 1-0

[Event "Summer Cup 2025"]
[Site "Wellington NZL"]
[Date "2025.03.06"]
[Round "5.13"]
[White "Darr, Samuel"]
[Black "Nazeer, Afique"]
[Result "1-0"]
[WhiteElo "1785"]
[BlackElo "1591"]

1. e4 e5 2. Nf3 Nc6 3. Bc4 Nf6 4. Ng5 d5 5. exd5 Na5 6. Bb5+ c6 7. dxc6 bxc6 8.
Bd3 h6 9. Ne4 Nxe4 10. Bxe4 Qc7 11. Nc3 Bd6 12. Nb5 cxb5 13. Bxa8 O-O 14. d3
Be6 15. Bf3 Rd8 {White won on move 47} 1-0

[Event "Summer Cup 2025"]
[Site "Wellington NZL"]
[Date "2025.03.06"]
[Round "5.14"]
[White "He, Zachary"]
[Black "Ulm, Joy"]
[Result "1-0"]
[WhiteElo "1524"]
[BlackElo "1758"]

1. e4 e5 2. Nc3 Nf6 3. f4 d5 4. fxe5 Nxe4 5. Nf3 Bg4 6. Qe2 Bxf3 7. Qxf3 Nxc3
8. dxc3 Nd7 9. Bf4 c6 10. O-O-O Qa5 11. a3 g6 12. c4 Nb6 13. Bd2 Qa4 14. Qf6
Rg8 15. e6 1-0

[Event "Summer Cup 2025"]
[Site "Wellington NZL"]
[Date "2025.03.06"]
[Round "5.15"]
[White "Osborne, Geoff"]
[Black "Lieser, Joshua"]
[Result "0-1"]
[WhiteElo "1423"]
[BlackElo "1698"]

1. e4 c6 2. c4 d5 3. cxd5 cxd5 4. exd5 Nf6 5. Nc3 Nxd5 6. Nf3 Bg4 7. Qa4+ Bd7
8. Bb5 Nb6 9. Bxd7+ N8xd7 10. Qg4 Nf6 11. Qg3 a6 12. O-O g6 13. d4 Bg7 14. Re1
O-O 15. b3 Rc8 16. Bb2 e6 17. Rad1 Nbd5 18. Ne5 Nxc3 19. Bxc3 Qd5 20. Qd3 Rc7
21. Bb4 Rfc8 22. Nc4 Nd7 23. Nd6 Rd8 24. Nc4 Rc6 25. Re2 b6 26. Ne3 Qh5 27. d5
Nc5 28. Qc2 Rcd6 29. g4 Qg5 30. Bd2 Bd4 31. Nc4 Qxg4+ 32. Kh1 Rxd5 0-1

[Event "Summer Cup 2025"]
[Site "Wellington NZL"]
[Date "2025.03.06"]
[Round "5.16"]
[White "Marney, John"]
[Black "Ulm, Eric"]
[Result "1/2-1/2"]
[WhiteElo "1689"]
[BlackElo "1547"]

1. e4 d5 2. exd5 Nf6 3. d4 Bg4 4. Be2 Bxe2 5. Qxe2 Qxd5 6. Nf3 e6 7. O-O Nc6 8.
c3 O-O-O 9. Bf4 Bd6 10. Bxd6 Qxd6 11. Nbd2 h6 12. Nc4 Qe7 13. b4 Nd5 14. Qc2
Nb6 15. Nxb6+ cxb6 16. a4 g5 17. a5 b5 18. a6 b6 19. Qe4 Qd7 20. Rfe1 Rhe8 21.
Qd3 Qd5 22. Rad1 Qf5 23. Qxf5 exf5 24. Kf1 f6 25. Rd2 Rxe1+ 26. Kxe1 Re8+ 27.
Re2 Rxe2+ 28. Kxe2 Nb8 29. Kd3 Nxa6 30. d5 Nc7 31. c4 bxc4+ 32. Kxc4 a5 33.
bxa5 bxa5 34. Nd4 a4 35. d6 Ne8 36. Nxf5 a3 37. Kb3 Kd7 38. Nxh6 Nxd6 39. Kxa3
f5 40. Kb4 Ke6 41. f3 Kf6 42. Kc5 Ne8 43. g4 Ng7 44. Ng8+ 1/2-1/2

[Event "Summer Cup 2025"]
[Site "Wellington NZL"]
[Date "2025.03.06"]
[Round "5.19"]
[White "Joseph, Joji Chacko"]
[Black "Dhamodharam, Aadhav"]
[Result "0-1"]
[WhiteElo "1628"]
[BlackElo "1524"]

1. e4 c5 2. c3 Nc6 3. d4 cxd4 4. cxd4 d6 5. Nc3 Nf6 6. Bc4 g6 7. Nf3 Bg7 8. O-O
O-O 9. h3 e6 10. d5 exd5 11. exd5 Ne7 12. Re1 h6 13. Bf4 g5 14. Bh2 g4 15. hxg4
Bxg4 16. Ne4 Nf5 17. Nxf6+ Qxf6 18. Re4 Bxf3 19. Qxf3 Qxb2 20. Rae1 Nd4 21. Qh5
Nc2 22. R4e2 Qc3 23. Rc1 Qxc4 24. Bxd6 Rfd8 25. Rcxc2 Qd4 26. Be5 Qd1+ 27. Kh2
Rxd5 28. Rc7 Bxe5+ 29. Qxe5 Rxe5 30. Rxe5 Qd6 31. Re7 f6 32. Re6 Qxe5+ 0-1

[Event "Summer Cup 2025"]
[Site "Wellington NZL"]
[Date "2025.03.06"]
[Round "5.20"]
[White "Farrington, Lawrence B"]
[Black "Ibbotson, Matt"]
[Result "1-0"]
[WhiteElo "1601"]
[BlackElo "1434"]

1. d4 g6 2. c4 d6 3. Nc3 Bg7 4. e4 Nc6 5. Nf3 Bg4 6. Be3 Bxf3 7. gxf3 Nf6 8.
Qd2 e6 9. Bg2 Qd7 10. Rd1 O-O 11. O-O Ne7 {White won on move 58} 1-0

[Event "Summer Cup 2025"]
[Site "Wellington NZL"]
[Date "2025.03.06"]
[Round "5.21"]
[White "List, Robert"]
[Black "Cao, Sam"]
[Result "1-0"]
[WhiteElo "1481"]
[BlackElo "1058"]

1. e4 c5 2. Nf3 e6 3. g3 a6 4. Bg2 b5 5. O-O Bb7 6. d3 Nc6 7. b3 d6 8. Bb2 e5
9. c3 Be7 10. d4 Nf6 {White won on move 56} 1-0

[Event "Summer Cup 2025"]
[Site "Wellington NZL"]
[Date "2025.03.06"]
[Round "5.22"]
[White "Thingbaijam, Conan"]
[Black "Rose, Jim"]
[Result "1/2-1/2"]
[WhiteElo "1428"]
[BlackElo "1413"]

1. e4 d6 2. d4 Nf6 3. Nc3 g6 4. f4 Bg7 5. Nf3 c5 6. dxc5 Qa5 7. Bd2 Qxc5 8. Bd3
O-O 9. Qe2 Nc6 10. h3 Qb4 11. O-O-O Qa5 12. g4 Nb4 13. Bc4 Nc6 {Game was drawn
on move 30} 1/2-1/2

[Event "Summer Cup 2025"]
[Site "Wellington NZL"]
[Date "2025.03.06"]
[Round "5.23"]
[White "Ravi, Vrajesh"]
[Black "Jackson, L Ross"]
[Result "0-1"]
[WhiteElo "1046"]
[BlackElo "1873"]

1. e4 c5 2. d4 cxd4 3. c3 dxc3 4. Nxc3 Nc6 5. Bc4 d6 6. Nf3 e6 7. O-O Nf6 8.
Bg5 h6 9. Bh4 Be7 10. Bb5 a6 {Black won on move 54} 0-1

[Event "Summer Cup 2025"]
[Site "Wellington NZL"]
[Date "2025.03.06"]
[Round "5.24"]
[White "Hamilton, Marcus"]
[Black "Munim, Ahmed"]
[Result "1-0"]
[WhiteElo "1030"]
[BlackElo "1496"]

1. e4 c5 2. Nf3 d6 3. d4 cxd4 4. Nxd4 Nf6 5. Bd3 g6 6. O-O Bg7 7. c3 O-O 8. Nd2
Bd7 9. Re1 Nc6 10. N2f3 Rc8 11. Qb3 b6 12. e5 dxe5 13. Nxc6 Bxc6 14. Nxe5 Ba8
15. Bc4 Nd5 16. Ng4 Qd7 17. Nh6+ Kh8 18. Rd1 Qe6 19. Bxd5 Bxd5 20. Qxd5 Rcd8
21. Qf3 1-0

[Event "Summer Cup 2025"]
[Site "Wellington NZL"]
[Date "2025.03.06"]
[Round "5.26"]
[White "Asher, Bruce"]
[Black "Wong, Jaden"]
[Result "1-0"]
[WhiteElo "1196"]
[BlackElo "1028"]

1. d4 d5 2. c4 e6 3. Nf3 Nc6 4. Nc3 Nf6 5. a3 a5 6. e3 Be7 7. Bd3 O-O 8. O-O b6
9. h3 Ba6 10. b3 dxc4 11. bxc4 h6 {White won on move 29} 1-0

[Event "Summer Cup 2025"]
[Site "Wellington NZL"]
[Date "2025.03.06"]
[Round "5.33"]
[White "Pham, Luca"]
[Black "Baker, Jack"]
[Result "0-1"]
[WhiteElo "834"]
[BlackElo "1737"]

1. e4 e5 2. d4 exd4 3. c3 dxc3 4. Bc4 Nh6 5. Bxh6 cxb2 6. Qf3 Qf6 7. Bxf7+ Qxf7
8. Qc3 Bb4 9. Qxb4 bxa1=Q 10. Bg5 Nc6 11. Qb5 a6 12. Qc5 Qxb1+ 13. Ke2 Qb2+ 14.
Kf1 d6 15. Qe3 Nd4 16. g3 O-O 17. Nh3 Bxh3+ 18. Ke1 Qfxf2+ 19. Qxf2 Qxf2+ 20.
Kd1 Bg4+ 21. Kc1 Qc2# 0-1